COVID-19 : respuestas desde la ingeniería y la inteligencia artificial /

Detalles Bibliográficos
Autor principal: Salamea Palacios, Christian (Autor)
Formato: Electrónico eBook
Lenguaje:español
Publicado: Quito, Ecuador : Cuenca, Ecuador : Abya Yala ; Universidad Politécnica Salesiana, 2022.
Edición:1ra edición.
Materias:
Acceso en línea:Digitalia Hispánica

MARC

LEADER 00000nam a2200000Ii 4500
001 DIGABYALA0362
003 NyNyDIG
006 m o d
007 cr |||||||||||
008 240404s2022 ec a ob 000 0 spa d
035 |a (OCoLC)1430189159 
040 |a DGITA  |b eng  |e rda  |e pn  |c DGITA 
020 |a 9789978106952  |q digital 
020 |z 9789978106945  |q impreso 
050 1 4 |a RA644.C67 ebook 
082 0 4 |a 614.592414  |2 23 
100 1 |a Salamea Palacios, Christian,  |e author. 
245 1 0 |a COVID-19 :  |b respuestas desde la ingeniería y la inteligencia artificial /  |c Christian Salamea Palacios. 
250 |a 1ra edición. 
264 1 |a Quito, Ecuador :  |b Abya Yala ;  |a Cuenca, Ecuador :  |b Universidad Politécnica Salesiana,  |c 2022. 
300 |a 1 online resource :  |b illustrations. 
336 |a text  |b txt  |2 rdacontent 
337 |a computer  |b c  |2 rdamedia 
338 |a online resource  |b cr  |2 rdacarrier 
347 |a text file  |2 rdaft 
347 |b PDF 
504 |a Includes bibliographical references. 
588 0 |a Online resource; title from PDF title page (Digitalia, viewed April 4, 2024) 
650 0 |a COVID-19 (Disease)  |x Data processing. 
650 0 |a Artificial intelligence. 
791 2 |a Digitalia (Firm),  |e distributor. 
793 0 |g Digitalia eBook Collection:  |a Ediciones Abya-Yala 
776 0 8 |i Print version:  |a Salamea Palacios, Christian.  |t COVID-19.  |b 1ra edición.  |d Quito, Ecuador : Abya Yala ; Cuenca, Ecuador : Universidad Politécnica Salesiana, 2022  |z 9789978106945 
856 4 0 |3 Digitalia Hispánica  |u https://www.digitaliapublishing.com/a/136897/ 
910 |a Premium collection: 2024